O livro misterioso (Registo nº 1185)

Detalhes MARC
000 -Etiqueta do registo
Cabeçalho 00762nam a2200289 4500
005 - Identificador da versão
Campo de controlo 20240813121827.0
010 ## - Número internacional normalizado dos livros (ISBN)
Número (ISBN) 9722333577
021 ## - Número do Depósito Legal
Código do país PT
Número 223842/05
100 ## - Dados gerais de processamento
Dados gerais de processamento 20060622d20052010a y0pory5003 ba
102 ## - Pais de publicação ou produção
País de publicação Portugal
101 0# - Língua de publicação
Língua do texto, banda sonora, etc. Português
106 ## - Campo de dados codificados: material textual
Dados codificados do material textual r
105 ## - Campo de dados codificados: livros
Dados codificados dos livros y z 000ay
215 ## - Descrição física 
Indicação específica da natureza do documento e extensão da espécie 76, [1] p.
Dimensões 21 cm
200 1# - Titulo e menção de responsabilidade
Título próprio O livro misterioso
Primeira menção de responsabilidade Margarida Fonseca Santos
225 2# - Colecção 
Título próprio da colecção Estrela do mar
Indicação de volume 77
205 ## - Menção da edição
Menção da edição 3 a ed
210 ## - Publicação, Distribuição, etc. 
Lugar da edição, distribuição, etc. Lisboa
Nome do editor, distribuidor, etc. Presença
Data da publicação, distribuição, etc. 2010
675 ## - Classificação Decimal Universal (CDU)
Notação 087.5
Edição BN
Língua da edição por
Notação 821.134.3-93"19/20"
Edição BN
Língua da edição por
Notação 821.134.3-31"19/20"
Edição BN
Língua da edição por
700 #1 - Nome de autor-pessoa física (responsabilidade principal)
Número de registo de entrada de autoridade 0001667
Palavra de ordem Santos
Outra parte do nome não tomada para palavra de ordem Margarida Fonseca
Datas 1960-
942 ## - Elementos de entrada adicionados (Koha)
Tipo de item no Koha Livro
Exemplares
Situação do levantamento Origin of item (home branch) (coded) Biblioteca de empréstimo Código de barras Cota Circulation type (not for loan) Tipo de documento Nota do exemplar Damaged status
  Biblioteca Escolar Eng. Nuno Mergulhão Biblioteca Escolar Eng. Nuno Mergulhão BENM2157 8POR SAN   Livro Sem mensagem